| 000 | 01229cam a2200313Ia 4500 | ||
|---|---|---|---|
| 005 | 20140903175109.0 | ||
| 008 | 110124s2011 xxuabdofrb 001 0 eng | ||
| 020 | _a9780312387921 (Vol.2) | ||
| 040 |
_aCO-BoUCM _bspa _cJose A. Gerena _dJose A. Gerena |
||
| 041 | _aeng | ||
| 100 | 1 |
_aHenretta, James A. _961603 |
|
| 245 | 1 | 0 |
_aAmerica's history _cJames A. Henretta, Rebecca Edwards, Robert O. Self. |
| 250 | _a7th ed | ||
| 260 |
_aBoston (Massachusetts, Estados Unidos) _bBedford _bSt. Martin's _c2011 |
||
| 300 |
_avolúmenes _bilustraciones, mapas, gráficas, fotografías |
||
| 504 | _aIncluye referencias bibliográficas e índices y glosario | ||
| 505 |
_gV.2 _tsince 1865 |
||
| 650 | 7 |
_912159 _aCrisis económica _y1929 _zEstados Unidos |
|
| 650 | 7 |
_916622 _aGuerra Fría _zEstados Unidos |
|
| 650 | 7 |
_917484 _aIndustrialización _zEstados Unidos |
|
| 650 | 7 |
_939974 _aGuerra mundial, II _zEstados Unidos |
|
| 650 | 7 |
_97695 _aHistoria _zEstados Unidos |
|
| 651 | 4 |
_aEstados Unidos _xHistoria _948005 |
|
| 690 |
_942842 _aHistoria de América |
||
| 700 | 1 |
_aEdwards, Rebecca _d1966- _961604 |
|
| 700 | 1 |
_aSelf, Robert O. _d1968- _961605 |
|
| 942 |
_a21 _cLIBRO _e7 _mH518a _2DEWEY _h973 |
||
| 999 |
_c242436 _d242436 |
||